| 000 | 01331 a2200217 4500 | ||
|---|---|---|---|
| 001 | 60058 | ||
| 005 | 20260407155853.0 | ||
| 008 | 260407a1995 arg spa d | ||
| 003 | AR-UNSa-BCEJYS | ||
| 040 |
_aAR-UNSa-BCEJYS _bspa _cAR-UNSa-BCEJYS |
||
| 080 |
_a342 _xDerecho constitucional (Derecho Público) |
||
| 245 | 1 | 0 | _aLecciones de derecho constitucional |
| 020 | _a950-14-0831-0 | ||
| 264 | 1 |
_aBuenos Aires : _bEdiciones Depalma _c1995 |
|
| 300 |
_axv, 264 p. _c23 cm. |
||
| 505 | _a1. El concepto de constitución - 2. La constitución Argentina - 3. El poder constituyente - 4. La supremacía de la constitución - 5. El régimen constitucional argentino - 6. Formación de los órganos del estado - 7. Derecho federal - 8. El derecho constitucional internacional - 9. Recursos tributarios del estado federal - 10. El poder ejecutivo - 11. El poder legislativo - 12. Funciones del congreso - 13. Poder judicial federal - 14. La situación constitucional de las personas. El derecho de la libertad - 15. Los derechos individuales - 16. Los derechos sociales del trabajador - 17. Las garantías consagradas en la constitución - 18. La limitación de los derechos - 19. La crisis de la constitución. | ||
| 041 | _aspa | ||
| 942 | _cBK | ||
| 590 | _aniveau_biblio:m niveau_hierar:0 | ||
| 100 | 1 | _aQuiroga Lavié, Humberto | |
| 999 |
_c6874 _d6874 |
||